| 000 | 00507nam a2200169 i 4500 | ||
|---|---|---|---|
| 001 | 39603 | ||
| 003 | ES-MaACL | ||
| 005 | 20230906160038.0 | ||
| 007 | t| | ||
| 008 | 030303s1969 sp ||||1| spa d | ||
| 245 | 0 | 0 |
_aCanciones sacras / _c[selección y realización: Rosario Blázquez, Rosario Llorente]. |
| 260 |
_aMadrid : _bIter, _c[1969] |
||
| 300 |
_a362 p. : _bil. ; _c21 cm. |
||
| 700 | 1 |
_aBlázquez, Rosario. _929445 |
|
| 700 | 1 |
_aLlorente, Rosario. _972910 |
|
| 852 |
_aES-MaACL _jC-45780 _bR.75350 |
||
| 999 |
_c39603 _d39603 |
||